| 000 | 00489nam a22001937a 4500 | ||
|---|---|---|---|
| 003 | MPLRDC | ||
| 005 | 20220104182526.0 | ||
| 008 | 210129b ||||| |||| 00| 0 eng d | ||
| 020 | _a7-80628-408-7 | ||
| 082 | _a782.84 ALS c.2 | ||
| 100 | _a牛致功 | ||
| 245 |
_a安禄山史思明评传 _c |
||
| 250 | _a一版一刷 | ||
| 260 |
_a中国 _b三秦出版社 _c2000 |
||
| 300 | _b平 | ||
| 490 | _a隋唐历史人物丛书 | ||
| 650 | _a安禄山传记 | ||
| 942 |
_cBK _o782.84 ALS c.2 |
||
| 999 |
_c61993 _d61983 |
||